Statistics for Howl Lyrics (Florence + the Machine)

Click here to take the quiz!

General Stats

  • This quiz has been taken 190 times
    (41 since last reset)
  • The average score is 268 of 326

Answer Stats

Lyrics% Correct
a
100%
be
100%
beast
95%
could
95%
for
95%
howl
95%
I
95%
If
95%
if
95%
made
95%
me
95%
of
95%
on
95%
only
95%
see
95%
that
95%
the
95%
to
95%
you
95%
your
95%
across
89%
and
89%
have
89%
hunt
89%
in
89%
it
89%
moon
89%
my
89%
which
89%
you've
89%
blood
84%
by
84%
careful
84%
chest
84%
curse
84%
dress
84%
falls
84%
ground
84%
heart
84%
lovers
84%
no
84%
now
84%
set
84%
wedding
84%
at
79%
been
79%
but
79%
claw
79%
feet
79%
free
79%
is
79%
night
79%
out
79%
ropes
79%
running
79%
skin
79%
so
79%
tear
79%
teeth
79%
try
79%
unbound
79%
when
79%
as
74%
beating
74%
can't
74%
dark
74%
drag
74%
fingers
74%
hallowed
74%
help
74%
saints
74%
screaming
74%
seems
74%
way
74%
with
74%
apart
68%
are
68%
fabric
68%
hunters
68%
like
68%
pour
68%
pure
68%
soft
68%
sweet
68%
taste
68%
them
68%
we're
68%
wolf
68%
all
63%
attack
63%
autumn
63%
become
63%
bloodied
63%
breaks
63%
child
63%
find
63%
flesh
63%
held
63%
his
63%
I'm
63%
man
63%
possessed
63%
prayers
63%
some
63%
tenderness
63%
there's
63%
turns
63%
arms
58%
back
58%
cannot
58%
holding
58%
inside
58%
rest
58%
says
58%
singing
58%
starts
58%
veins
58%
want
58%
who's
58%
wrap
58%
howls
53%
myself
53%
still
53%
voice
53%
bright
47%
may
47%
until
47%
making
42%

Score Distribution

Percentile by Number Answered

Percent of People with Each Score

Your Score History

You have not taken this quiz since the last reset